Macroeconomics : the theory of income, employment and the price level

Bibliographic Details
Main Author: Darby, Michael R. (Author)
Format: Book
Language:English
Published: New York, St. Louis : McGraw-Hill 1976
Subjects:

MARC

LEADER 00000cam a2200000 7i4500
001 0000000718
005 20240919.0
008 991124 nyu eng
020 |a 0070153469 
040 |a INS   |b eng   |e rda 
090 0 0 |a HB171.5   |b .D217 1976 
100 1 |a Darby, Michael R. ,   |e author 
245 1 0 |a Macroeconomics :   |b the theory of income, employment and the price level   |c Michael R. Darby 
264 1 |a New York, St. Louis :   |b McGraw-Hill   |c 1976 
300 |a x, 395pages :   |b illustrations ;   |c 24 cm. 
336 |a text  |2 rdacontent 
337 |a unmediated  |2 rdamedia 
338 |a volume  |2 rdacarrier 
500 |a Includes index 
650 0 |a Macroeconomics 
999 |a 0000002224   |b BOOK   |c Open Shelf   |e Default branch